[Event "65th ch-RUS HL w 2015"]
[Site "Kaliningrad RUS"]
[Date "2015.06.25"]
[Round "4.8"]
[White "Korchenkova, Irina"]
[Black "Gritsayeva, Oksana"]
[Result "0-1"]
[WhiteTitle "WFM"]
[BlackTitle "WFM"]
[WhiteElo "2111"]
[BlackElo "2321"]
[WhiteFideId "24116319"]
[BlackFideId "14104652"]
[EventDate "2015.06.22"]

1. e4 c5 2. Nf3 e6 3. d4 cxd4 4. Nxd4 Nf6 5. Nc3 Qb6 6. a3 Bc5 7. Be3 Nc6 8. Na4
Qa5+ 9. c3 Bxd4 10. Bxd4 Nxd4 11. Qxd4 d6 12. Bd3 Bd7 13. Bc2 Rc8 14. b4 Qc7 15.
Qxa7 O-O 16. Qd4 e5 17. Qd2 Bxa4 18. Bxa4 Nxe4 19. Qe3 Qxc3+ 20. Qxc3 Rxc3 21.
f3 Re3+ 22. Kd1 Ra8 23. fxe4 Rxa4 24. Kd2 Raxa3 25. Rxa3 Rxa3 26. Rc1 Ra2+ 27.
Ke3 g5 28. Kf3 Rb2 29. Rd1 Rxb4 30. Rxd6 Kg7 31. Rd7 Kg6 0-1

[Event "65th ch-RUS HL w 2015"]
[Site "Kaliningrad RUS"]
[Date "2015.06.25"]
[Round "4.9"]
[White "Ovod, Evgenija"]
[Black "Maltsevskaya, Aleksandra"]
[Result "1-0"]
[WhiteTitle "IM"]
[WhiteElo "2313"]
[BlackElo "2129"]
[WhiteFideId "4131827"]
[BlackFideId "24174041"]
[EventDate "2015.06.22"]

1. d4 Nf6 2. Bg5 e6 3. e3 h6 4. Bh4 d6 5. c4 Nbd7 6. Nc3 b6 7. d5 e5 8. f3 g5 9.
Bf2 e4 10. fxe4 Nc5 11. Bd3 Ng4 12. Nf3 Nxf2 13. Kxf2 Bg7 14. Bc2 O-O 15. Nd4 g4
16. g3 Qg5 17. Re1 f5 18. exf5 Bxd4 19. exd4 Bxf5 20. Kg1 Nd7 21. Bxf5 Rxf5 22.
Ne4 Qg7 23. Qd2 Raf8 24. Rf1 Qg6 25. Rxf5 Qxf5 26. Re1 Kg7 27. Nf2 Rf7 28. b3
Nf6 29. Qd3 Qg5 30. Qe3 Qf5 31. Qe6 Qg5 32. Rf1 h5 33. Nd3 Qd2 34. Qf5 Qe3+ 35.
Rf2 h4 36. gxh4 Qxd4 37. Nf4 Qe5 38. Nh5+ Nxh5 39. Qxf7+ Kh8 40. Qf8+ Kh7 41.
Qf5+ Kh6 42. Qxe5 dxe5 43. Re2 1-0

[Event "65th ch-RUS HL w 2015"]
[Site "Kaliningrad RUS"]
[Date "2015.06.25"]
[Round "4.10"]
[White "Tomilova, Elena"]
[Black "Protopopova, Anastasiya"]
[Result "1-0"]
[WhiteTitle "WIM"]
[BlackTitle "WFM"]
[WhiteElo "2329"]
[BlackElo "2100"]
[WhiteFideId "4162340"]
[BlackFideId "24172073"]
[EventDate "2015.06.22"]

1. e4 e5 2. Nf3 Nc6 3. Nc3 Nf6 4. g3 d5 5. exd5 Nxd5 6. Bg2 Nxc3 7. bxc3 Bc5 8.
O-O O-O 9. d3 Bg4 10. h3 Bh5 11. Re1 f5 12. Qe2 Kh8 13. Be3 Ba3 14. g4 fxg4 15.
Ng5 Qd7 16. Rab1 h6 17. Ne4 gxh3 18. Qxh5 hxg2 19. Rxb7 Rae8 20. Kxg2 Rf5 21.
Rxc7 Qxc7 22. Qxe8+ Rf8 23. Qh5 Kg8 24. Qg6 Ne7 25. Qe6+ Kh8 26. Bxh6 gxh6 27.
Qxh6+ Kg8 28. Qg5+ Kf7 29. Qh5+ Ke6 30. Qh6+ Ng6 31. Qxg6+ Kd7 32. Rh1 Be7 33.
Rh7 Qb8 34. Nc5+ 1-0

[Event "65th ch-RUS HL w 2015"]
[Site "Kaliningrad RUS"]
[Date "2015.06.25"]
[Round "4.11"]
[White "Sukhareva, Evgeniya"]
[Black "Mirzoeva, Elmira"]
[Result "0-1"]
[BlackTitle "WGM"]
[WhiteElo "2177"]
[BlackElo "2233"]
[WhiteFideId "4167155"]
[BlackFideId "4127951"]
[EventDate "2015.06.22"]

1. d4 d5 2. Nf3 Nf6 3. c4 c6 4. Qc2 dxc4 5. Qxc4 Bf5 6. g3 e6 7. Bg2 Be7 8. O-O
O-O 9. e3 Nbd7 10. Rd1 Qc7 11. Nc3 Rad8 12. b3 e5 13. Bb2 exd4 14. Nb5 Qa5 15.
Nbxd4 Be4 16. Qe2 Nd5 17. Nd2 Bxg2 18. Nc4 Nc3 19. Bxc3 Qxc3 20. Kxg2 Qb4 21.
Rac1 Bf6 22. Nf5 Ne5 23. Nxe5 Bxe5 24. Rc4 Qa3 25. Rxd8 Rxd8 26. Qh5 Bf6 27. Rg4
g6 28. Qh6 Qc5 29. e4 Qe5 30. Qe3 h5 31. Rf4 Bg5 32. Qxa7 Bxf4 0-1

[Event "65th ch-RUS HL w 2015"]
[Site "Kaliningrad RUS"]
[Date "2015.06.25"]
[Round "4.12"]
[White "Charochkina, Daria"]
[Black "Baraeva, Irina"]
[Result "1-0"]
[WhiteTitle "IM"]
[BlackTitle "WIM"]
[WhiteElo "2398"]
[BlackElo "2122"]
[WhiteFideId "4180917"]
[BlackFideId "24142565"]
[EventDate "2015.06.22"]

1. Nf3 d5 2. c4 c6 3. g3 Nf6 4. Bg2 g6 5. O-O Bg7 6. d4 O-O 7. b3 Nbd7 8. Bb2 c5
9. cxd5 Nxd5 10. e4 N5b6 11. Qe2 cxd4 12. Nxd4 a6 13. Rd1 Qc7 14. Nc3 Rd8 15.
Rac1 Nc5 16. Nb1 e5 17. Ba3 Rxd4 18. Bxc5 Rxd1+ 19. Qxd1 Be6 20. Be3 Rd8 21. Qe1
Qd6 22. Bc5 Qc7 23. Bb4 Qd7 24. Ba5 Qd6 25. Nc3 Rc8 26. Qe3 Nd7 27. Nd5 Rxc1+
28. Qxc1 Qc5 29. Qd2 Bh6 30. Ne3 Bxe3 31. fxe3 h5 32. h3 Kg7 33. Bc3 Qe7 34. Bb4
Qg5 35. Kh2 Nf6 36. Qd6 h4 37. gxh4 Qxh4 38. Qxe5 Kh7 39. Kg1 Nd7 40. Qf4 Qd8
41. Bc3 Kg8 42. Qh6 Nf6 43. Qg5 Kg7 44. Bd4 Qe7 45. h4 b5 46. h5 1-0

[Event "65th ch-RUS HL w 2015"]
[Site "Kaliningrad RUS"]
[Date "2015.06.26"]
[Round "5.2"]
[White "Matveeva, Svetlana"]
[Black "Kovanova, Baira"]
[Result "1-0"]
[WhiteTitle "IM"]
[BlackTitle "WGM"]
[WhiteElo "2366"]
[BlackElo "2388"]
[WhiteFideId "4119827"]
[BlackFideId "4164083"]
[EventDate "2015.06.22"]

1. d4 Nf6 2. c4 e6 3. Nc3 Bb4 4. e3 O-O 5. Bd3 c5 6. Nf3 d5 7. O-O b6 8. dxc5
bxc5 9. Qc2 Bb7 10. Rd1 Qe7 11. Bd2 h6 12. a3 Bxc3 13. Bxc3 Nbd7 14. Rac1 e5 15.
Nh4 d4 16. exd4 exd4 17. Nf5 Qe5 18. Re1 Qc7 19. Bd2 Ng4 20. Ng3 Ndf6 21. b4
Rfe8 22. h3 Qc6 23. Bf1 Ne5 24. bxc5 Rad8 25. Rb1 Ba8 26. Bf4 d3 27. Qc3 Nf3+
28. gxf3 Qxf3 29. Bd6 Re2 30. Rxe2 dxe2 31. Qxf3 exf1=Q+ 32. Kxf1 Bxf3 33. Rb3
Ba8 34. Be7 Rc8 35. Bxf6 gxf6 36. Nf5 Kh7 37. Rb5 Bf3 38. Nd4 Be4 39. Ke2 Kg6
40. f3 Ba8 41. Ra5 Rc7 42. Kd3 Kg5 43. c6+ Kh4 44. Rf5 Bxc6 45. Rxf6 Bb7 46.
Rxh6+ Kg3 47. Rf6 Kxh3 48. Nb5 Rd7+ 49. Nd6 Kg3 50. Ke3 Re7+ 51. Kd4 Rd7 52. f4
Bf3 53. c5 Kg4 54. Kc4 Re7 55. Nxf7 Be2+ 56. Kd4 Rd7+ 57. Nd6 Bf3 58. Rf8 Re7
59. f5 Re1 60. f6 Rd1+ 61. Kc3 1-0

[Event "65th ch-RUS HL w 2015"]
[Site "Kaliningrad RUS"]
[Date "2015.06.26"]
[Round "5.3"]
[White "Pustovoitova, Daria"]
[Black "Bodnaruk, Anastasia"]
[Result "1/2-1/2"]
[WhiteTitle "FM"]
[BlackTitle "IM"]
[WhiteElo "2351"]
[BlackElo "2428"]
[WhiteFideId "4182146"]
[BlackFideId "4181751"]
[EventDate "2015.06.22"]

1. d4 Nf6 2. c4 e6 3. Nc3 Bb4 4. f3 d5 5. a3 Be7 6. e3 O-O 7. cxd5 exd5 8. Bd3
c5 9. Nge2 Nc6 10. O-O Re8 11. Bd2 Bf8 12. Rc1 a6 13. Bb1 g6 14. Kh1 c4 15. Qe1
b5 16. e4 b4 17. axb4 Nxb4 18. e5 Nh5 19. g4 Ng7 20. Qg3 f5 21. exf6 Qxf6 22.
Bf4 Qd8 23. Be5 Nc6 24. f4 Nxe5 25. dxe5 d4 26. Be4 dxc3 27. Bxa8 Bxg4 28. Qxg4
Qxa8+ 29. Qg2 Qxg2+ 30. Kxg2 cxb2 31. Rxc4 Nf5 32. Kf3 Rd8 33. Rb1 Rd3+ 34. Kf2
Ne3 35. Rc8 Kf7 36. e6+ Ke7 37. Nc3 Bg7 38. Rc7+ Kxe6 39. Rxb2 Ng4+ 40. Ke2 Rxc3
41. Rxg7 Rh3 42. Rbb7 Re3+ 43. Kd2 Rf3 44. Rb6+ Kf5 45. Rf7+ Ke4 46. Rb4+ Kd5
47. Rxh7 Rf2+ 48. Ke1 Ra2 49. Rd7+ Ke6 50. Rc7 Nxh2 51. Rc6+ Kd5 52. Rxg6 Nf3+
53. Kd1 a5 54. Rb5+ Ke4 55. f5 Ra1+ 56. Kc2 Nd4+ 57. Kb2 Nxb5 58. Kxa1 1/2-1/2

[Event "65th ch-RUS HL w 2015"]
[Site "Kaliningrad RUS"]
[Date "2015.06.26"]
[Round "5.4"]
[White "Gritsayeva, Oksana"]
[Black "Savina, Anastasia"]
[Result "0-1"]
[WhiteTitle "WFM"]
[BlackTitle "IM"]
[WhiteElo "2321"]
[BlackElo "2422"]
[WhiteFideId "14104652"]
[BlackFideId "4196872"]
[EventDate "2015.06.22"]

1. e4 Nc6 2. Nf3 d5 3. exd5 Qxd5 4. Nc3 Qa5 5. Bb5 a6 6. Bxc6+ bxc6 7. Qe2 Nf6
8. Ne5 e6 9. O-O Bd6 10. Re1 Bxe5 11. Qxe5 Qxe5 12. Rxe5 Nd5 13. Re2 Nxc3 14.
dxc3 f6 15. f4 Kf7 16. Be3 Rd8 17. a4 h6 18. Rf1 Bb7 19. Bd4 Rd5 20. Rfe1 Re8
21. Bf2 g5 22. c4 Rdd8 23. Bg3 Re7 24. Rf2 g4 25. Rfe2 Rd4 26. b3 h5 27. Bf2 Rd8
28. Bc5 Ree8 29. Kf2 Bc8 30. Ba7 Kg6 31. g3 Kf5 32. Rh1 c5 33. h3 Bb7 34. hxg4+
hxg4 35. Rh5+ Kg6 36. Rxc5 Bf3 37. f5+ exf5 38. Rxe8 Rxe8 39. Rxc7 Re2+ 40. Kf1
f4 41. Bf2 Rxc2 42. Re7 Kf5 43. gxf4 Kxf4 44. Be3+ Kg3 45. Ke1 f5 46. Bb6 Be4
47. Kd1 Rb2 48. a5 Kf3 49. Bc7 g3 50. Rg7 f4 51. b4 Rxb4 52. Kd2 Rxc4 53. Bb6
Rc2+ 54. Kd1 Ra2 55. Rg5 Ra3 56. Ke1 Rd3 57. Rg8 Kg2 58. Bc7 Bf3 0-1

[Event "65th ch-RUS HL w 2015"]
[Site "Kaliningrad RUS"]
[Date "2015.06.26"]
[Round "5.5"]
[White "Vasilevich, Tatjana"]
[Black "Ovod, Evgenija"]
[Result "1/2-1/2"]
[WhiteTitle "IM"]
[BlackTitle "IM"]
[WhiteElo "2397"]
[BlackElo "2313"]
[WhiteFideId "14101610"]
[BlackFideId "4131827"]
[EventDate "2015.06.22"]

1. d4 d5 2. c4 c6 3. Nf3 Nf6 4. Qb3 e6 5. g3 Be7 6. Bg2 O-O 7. O-O b6 8. Nc3 Ba6
9. cxd5 cxd5 10. Bf4 Nc6 11. Rac1 Na5 12. Qa4 Qd7 13. Qc2 Rfd8 14. Ne5 Qe8 15.
Rfd1 Rac8 16. Qb1 Bb4 17. Bf3 h6 18. Bd2 Nc4 19. Nxc4 Rxc4 20. e3 Rcc8 21. a3
Bd6 22. Bg2 Rc7 23. Na2 Rdc8 24. Bb4 Rxc1 25. Rxc1 Bxb4 26. Nxb4 Bb5 27. f3 a5
28. Rxc8 Qxc8 29. Qc2 Qxc2 30. Nxc2 Kf8 31. Bf1 Bxf1 32. Kxf1 Ke7 33. Ke2 Kd6
34. Ne1 Nd7 35. Nd3 f6 36. Kd2 e5 37. Kc3 Nf8 38. b4 axb4+ 39. Kxb4 exd4 40.
exd4 Ne6 41. Kc3 1/2-1/2

[Event "65th ch-RUS HL w 2015"]
[Site "Kaliningrad RUS"]
[Date "2015.06.26"]
[Round "5.6"]
[White "Kovalevskaya, Ekaterina"]
[Black "Rodionova, Daria"]
[Result "1-0"]
[WhiteTitle "IM"]
[BlackTitle "WFM"]
[WhiteElo "2461"]
[BlackElo "2223"]
[WhiteFideId "4116704"]
[BlackFideId "24136638"]
[EventDate "2015.06.22"]

1. e4 c5 2. Nf3 Nc6 3. Bb5 g6 4. O-O Bg7 5. c3 Nf6 6. e5 Nd5 7. d4 cxd4 8. cxd4
O-O 9. Nc3 Nc7 10. Bf4 d6 11. exd6 exd6 12. Bxc6 bxc6 13. Qa4 Qd7 14. Rac1 Nb5
15. Nxb5 cxb5 16. Qa3 Rd8 17. Qa5 Bf6 18. Bg5 Qf5 19. Bxf6 Qxf6 20. Qxb5 Be6 21.
b3 Kg7 22. Qg5 Rac8 23. Qxf6+ Kxf6 24. Nd2 Bd5 25. f3 Ke7 26. Kf2 Re8 27. Nb1
Kd7 28. Rc3 Bb7 29. Re1 f5 30. Rxe8 Rxe8 31. Rc2 Ba6 32. Nc3 Rc8 33. Ke1 Bb7 34.
Kd2 Bc6 35. Rc1 Rc7 36. Re1 Rc8 37. b4 Rb8 38. a3 a6 39. Kd3 Bb5+ 40. Kd2 Bc4
41. Rc1 Bf7 42. d5 Kd8 43. Kd3 Be8 44. Kd4 Rb7 45. Re1 Bf7 46. Re2 Rb8 47. Rb2
Be8 48. a4 Kc7 49. Kc4 Rb7 50. b5 a5 51. Ne2 Kb6 52. Nd4 Re7 53. Re2 Rxe2 54.
Nxe2 Bf7 55. f4 Be8 56. Nd4 Bf7 57. g3 Be8 58. Nc2 Bd7 59. Na3 1-0

[Event "65th ch-RUS HL w 2015"]
[Site "Kaliningrad RUS"]
[Date "2015.06.26"]
[Round "5.7"]
[White "Mirzoeva, Elmira"]
[Black "Bivol, Alina"]
[Result "0-1"]
[WhiteTitle "WGM"]
[BlackTitle "WIM"]
[WhiteElo "2233"]
[BlackElo "2354"]
[WhiteFideId "4127951"]
[BlackFideId "4100123"]
[EventDate "2015.06.22"]

1. Nf3 Nf6 2. d4 g6 3. g3 Bg7 4. Bg2 d6 5. O-O O-O 6. b3 c6 7. Bb2 Bg4 8. h3
Bxf3 9. Bxf3 Nbd7 10. Nd2 Qc7 11. Bg2 Rad8 12. e4 Rfe8 13. c4 c5 14. Re1 cxd4
15. Bxd4 Nc5 16. Qe2 e5 17. Bb2 Ne6 18. Nf3 Nd7 19. Rad1 Nb8 20. Nh2 Nc6 21. Nf1
Qa5 22. Ba1 Ncd4 23. Qd2 Qxd2 24. Rxd2 a5 25. Ne3 a4 26. bxa4 Ra8 27. Rb1 Nc5
28. Rb6 Red8 29. Kh2 Rxa4 30. Bc3 Nc6 31. Rb5 Bf8 32. Bf3 Rda8 33. Rbb2 Ra3 34.
Rdc2 Nd4 35. Bxd4 exd4 36. Nd5 Rxf3 37. Kg2 Rfa3 38. f3 d3 39. Rd2 Bg7 0-1

[Event "65th ch-RUS HL w 2015"]
[Site "Kaliningrad RUS"]
[Date "2015.06.26"]
[Round "5.8"]
[White "Drogovoz, Irina"]
[Black "Tomilova, Elena"]
[Result "1-0"]
[BlackTitle "WIM"]
[WhiteElo "2187"]
[BlackElo "2329"]
[WhiteFideId "4176715"]
[BlackFideId "4162340"]
[EventDate "2015.06.22"]

1. d4 Nf6 2. Nf3 g6 3. c4 Bg7 4. Nc3 O-O 5. e4 d6 6. h3 e5 7. d5 Nh5 8. g3 f5 9.
Bg5 Qe8 10. Be2 Na6 11. Nd2 Nc5 12. Qc2 Nf6 13. Be3 Na6 14. Nf1 c6 15. f3 cxd5
16. cxd5 Bd7 17. g4 Rc8 18. Nd2 Kh8 19. Qb3 b5 20. Nxb5 Rb8 21. a4 fxe4 22. fxe4
Nc5 23. Qc2 Nxa4 24. Nxd6 Qd8 25. N6c4 Nb6 26. Rxa7 Nxc4 27. Nxc4 Ne8 28. g5 Bb5
29. h4 Bxc4 30. Bxc4 Nd6 31. Be2 Rb4 32. Bc5 Qc8 33. Ra8 Qxa8 34. Bxb4 Rc8 35.
Qb1 Nc4 36. O-O Qa7+ 37. Kh2 Ne3 38. Rf3 Rc2 39. Rxe3 Qxe3 40. Qxc2 Qf4+ 41. Kg2 1-0

[Event "65th ch-RUS HL w 2015"]
[Site "Kaliningrad RUS"]
[Date "2015.06.26"]
[Round "5.9"]
[White "Alekseeva, Irina"]
[Black "Charochkina, Daria"]
[Result "0-1"]
[BlackTitle "IM"]
[WhiteElo "2154"]
[BlackElo "2398"]
[WhiteFideId "24178683"]
[BlackFideId "4180917"]
[EventDate "2015.06.22"]

1. e4 c5 2. Nf3 Nc6 3. d4 cxd4 4. Nxd4 Qb6 5. Nb3 Nf6 6. Nc3 e6 7. Bd3 Bb4 8.
Be3 Qc7 9. f4 d6 10. Qf3 Na5 11. O-O Bxc3 12. bxc3 Nxb3 13. axb3 a6 14. e5 Nd7
15. Qg3 O-O 16. f5 Nxe5 17. f6 Ng6 18. h4 Qxc3 19. h5 Qe5 20. Qh3 gxf6 21. hxg6
fxg6 22. Ra4 Rf7 23. Rh4 f5 24. Bd4 Qa5 25. Rh6 e5 26. Bc4 d5 27. Bxe5 Qb6+ 28.
Kh2 f4 29. Rxh7 Rxh7 30. Bxd5+ Be6 31. Qxh7+ Kxh7 32. Rxf4 Bxd5 33. Rh4+ Kg8 34.
Rh8+ Kf7 35. Rxa8 Qf2 0-1

[Event "65th ch-RUS HL w 2015"]
[Site "Kaliningrad RUS"]
[Date "2015.06.26"]
[Round "5.10"]
[White "Ivina, Valeria"]
[Black "Balaian, Alina"]
[Result "0-1"]
[BlackTitle "WIM"]
[WhiteElo "1983"]
[BlackElo "2261"]
[WhiteFideId "34125326"]
[BlackFideId "24115347"]
[EventDate "2015.06.22"]

1. c4 e5 2. Nc3 d6 3. g3 Be6 4. Bg2 Nc6 5. d3 Qd7 6. Rb1 g6 7. b4 Bg7 8. b5 Nd8
9. Nd5 c6 10. Nc3 f5 11. Qc2 Ne7 12. Nf3 h6 13. e3 O-O 14. Ne2 cxb5 15. Rxb5 Rc8
16. Qa4 e4 17. Nd2 exd3 18. Nf4 a6 19. Rb4 Qxa4 20. Rxa4 b5 21. Rxa6 bxc4 22.
Nxe6 Nxe6 23. Rxd6 Kf7 24. Bb7 Rc7 25. Ba6 Bc3 26. Kd1 Nc8 27. Rd5 Nb6 28. Rd6
Rb8 29. Nxc4 Nxc4 30. Bxc4 Rxc4 31. Rxd3 Nc5 32. Rd6 Ne4 0-1

[Event "65th ch-RUS HL w 2015"]
[Site "Kaliningrad RUS"]
[Date "2015.06.26"]
[Round "5.11"]
[White "Maltsevskaya, Aleksandra"]
[Black "Styazhkina, Anna"]
[Result "0-1"]
[BlackTitle "WIM"]
[WhiteElo "2129"]
[BlackElo "2214"]
[WhiteFideId "24174041"]
[BlackFideId "24119300"]
[EventDate "2015.06.22"]

1. e4 e5 2. Nf3 Nc6 3. Bb5 a6 4. Ba4 Nf6 5. O-O b5 6. Bb3 Bc5 7. c3 d6 8. d4 Bb6
9. a4 Rb8 10. Bg5 h6 11. Bh4 g5 12. Bg3 Bg4 13. axb5 axb5 14. dxe5 Nxe5 15. Bxe5
Bxf3 16. Qxf3 dxe5 17. Qf5 Qe7 18. Rd1 Rg8 19. Na3 g4 20. h4 g3 21. Rd3 gxf2+
22. Kh1 Rg4 23. g3 Rxe4 24. Nc2 c5 25. Bd5 Re2 26. Bc6+ Kf8 27. Rf3 c4 28. Rf1
Kg7 29. g4 e4 30. Rf4 Rxc2 31. g5 Nh5 32. Rg4 Kf8 33. gxh6 Qxh4+ 34. Kg2 Qf6 35.
Qxe4 Qxh6 36. Qxc2 Qxc6+ 37. Qe4 Qxe4+ 38. Rxe4 Nf6 39. Re5 Ng4 40. Rxb5 Ne3+
41. Kxf2 Nxf1+ 42. Kxf1 Ba7 43. Ra5 Be3 44. Ra4 Rxb2 45. Rxc4 f5 46. Ra4 f4 47.
Re4 Rc2 48. c4 Kf7 49. c5 Kf6 50. c6 Kf5 51. Re8 Rxc6 52. Rf8+ Ke4 53. Kg2 Rg6+
54. Kh1 f3 0-1

[Event "65th ch-RUS HL w 2015"]
[Site "Kaliningrad RUS"]
[Date "2015.06.26"]
[Round "5.12"]
[White "Belenkaya, Dina"]
[Black "Chkhan, Viktoria"]
[Result "1-0"]
[WhiteTitle "WFM"]
[WhiteElo "2213"]
[BlackElo "2148"]
[WhiteFideId "24142654"]
[BlackFideId "4123107"]
[EventDate "2015.06.22"]

1. e4 e6 2. d4 d5 3. Nd2 Be7 4. Bd3 c5 5. dxc5 Nf6 6. Qe2 O-O 7. Ngf3 Nfd7 8.
Nb3 a5 9. a4 Na6 10. Be3 Qc7 11. O-O Ndxc5 12. Nxc5 Nxc5 13. Bxc5 Qxc5 14. e5
Qb4 15. c3 Qf4 16. g3 Qg4 17. Nd4 Qxe2 18. Bxe2 Bd7 19. f4 Rac8 20. Rfd1 h6 21.
Kg2 g5 22. Bd3 f5 23. Bb5 Bxb5 24. axb5 Kf7 25. Rxa5 Bc5 26. b6 Bxb6 27. Rb5
Bxd4 28. Rxb7+ Kg6 29. Rxd4 Rf7 30. Rb6 Re7 31. Rxd5 gxf4 32. gxf4 Kh5 33. Rd3
Kg4 34. Rb4 Kh4 35. Rh3+ Kg4 36. Rxh6 Rd8 37. h3# 1-0

[Event "65th ch-RUS HL w 2015"]
[Site "Kaliningrad RUS"]
[Date "2015.06.28"]
[Round "6.1"]
[White "Kashlinskaya, Alina"]
[Black "Matveeva, Svetlana"]
[Result "1-0"]
[WhiteTitle "IM"]
[BlackTitle "IM"]
[WhiteElo "2432"]
[BlackElo "2366"]
[WhiteFideId "4198026"]
[BlackFideId "4119827"]
[EventDate "2015.06.22"]

1. d4 d5 2. c4 dxc4 3. e3 e6 4. Bxc4 c5 5. Nf3 a6 6. O-O Nf6 7. Bb3 b5 8. a4 b4
9. e4 Be7 10. d5 Nxe4 11. Re1 Nf6 12. dxe6 Bxe6 13. Qxd8+ Kxd8 14. Bxe6 fxe6 15.
Ng5 Kd7 16. Nd2 Nc6 17. Nc4 Nd5 18. Nxe6 Nd4 19. Nxd4 cxd4 20. Re5 Kc6 21. Bd2
Bf6 22. Re6+ Kc5 23. Na5 Ne7 24. Rae1 Ra7 25. g4 h6 26. f4 d3 27. Be3+ Kd5 28.
Bxa7 d2 29. Rxe7 dxe1=Q+ 30. Rxe1 Bxb2 31. Rd1+ Ke4 32. Nc6 Kxf4 33. Nxb4 Kxg4
34. Kg2 Re8 35. h3+ Kh5 36. Nxa6 Re2+ 37. Bf2 Bf6 38. Rd5+ g5 39. a5 Bc3 40. Nc7
Ra2 41. a6 Be1 42. a7 1-0

[Event "65th ch-RUS HL w 2015"]
[Site "Kaliningrad RUS"]
[Date "2015.06.28"]
[Round "6.2"]
[White "Savina, Anastasia"]
[Black "Guseva, Marina"]
[Result "1/2-1/2"]
[WhiteTitle "IM"]
[BlackTitle "IM"]
[WhiteElo "2422"]
[BlackElo "2410"]
[WhiteFideId "4196872"]
[BlackFideId "4149351"]
[EventDate "2015.06.22"]

1. d4 d5 2. c4 c6 3. Nf3 Nf6 4. Nc3 e6 5. e3 Nbd7 6. Qc2 a6 7. b3 Bd6 8. Be2 e5
9. O-O O-O 10. cxd5 cxd5 11. dxe5 Nxe5 12. Bb2 Bg4 13. Nxe5 Bxe5 14. Bxg4 Nxg4
15. h3 Nf6 16. Qf5 Re8 17. Rfd1 Qc8 18. Qxc8 Raxc8 19. Rac1 Rc6 20. Na4 Bxb2 21.
Nxb2 Rec8 22. Nd3 Kf8 23. Rxc6 Rxc6 24. Rc1 Rxc1+ 25. Nxc1 Ke7 26. f3 h5 27. h4
Nd7 28. Nd3 Kd6 29. Kf2 Nf8 30. Nf4 g6 31. g4 hxg4 32. fxg4 Nh7 33. h5 Nf6 34.
Kf3 g5 35. Nh3 Nh7 36. Nf2 Ke6 37. Nd3 b6 38. Nb4 a5 39. Nc6 Nf6 40. Nd4+ Ke5
41. h6 Nh7 42. a4 Nf6 43. Ke2 Kd6 44. Nf3 Nh7 45. Kd3 Ke6 46. Nd4+ Kf6 47. Nf5
Ke5 48. Nd4 Kf6 49. Nc6 Ke6 50. Kc3 Kd6 51. Nd4 Ke5 52. Kd3 Kf6 53. Nc6 Ke6 54.
b4 axb4 55. Nxb4 Ke5 56. Nc6+ Kd6 57. Nd4 Ke5 58. Nf3+ Ke6 59. Kc3 Kd6 60. Kb4
f5 61. gxf5 g4 62. Ne1 Kc6 63. Kc3 Kc5 64. Nd3+ Kd6 65. Kd4 Nf6 66. Nf4 g3 67.
Ng2 Nh7 68. e4 dxe4 69. Kxe4 Ke7 70. Ke5 Kf7 71. Nh4 Nf6 72. Kf4 Kg8 73. Kg5 Kf7
74. Ng2 Nd5 75. Kg4 Nc3 76. Kxg3 Nxa4 77. Kg4 Nc5 78. Kf4 Nd7 79. Ne3 b5 80. Nd5
Kg8 81. Kg5 Kh7 82. Kh5 b4 83. Nxb4 Nf6+ 84. Kg5 Ne4+ 85. Kf4 Nd6 86. f6 Kxh6
87. Ke5 Kg6 88. Nc6 Ne8 89. Ne7+ Kf7 90. Nd5 Nxf6 91. Nxf6 Ke7 92. Ke4 1/2-1/2

[Event "65th ch-RUS HL w 2015"]
[Site "Kaliningrad RUS"]
[Date "2015.06.28"]
[Round "6.3"]
[White "Bivol, Alina"]
[Black "Kovalevskaya, Ekaterina"]
[Result "1/2-1/2"]
[WhiteTitle "WIM"]
[BlackTitle "IM"]
[WhiteElo "2354"]
[BlackElo "2461"]
[WhiteFideId "4100123"]
[BlackFideId "4116704"]
[EventDate "2015.06.22"]

1. e4 c5 2. Nf3 Nc6 3. Nc3 e5 4. Bc4 Be7 5. d3 d6 6. O-O Nf6 7. Ng5 O-O 8. f4
Bg4 9. Qe1 exf4 10. Bxf4 Nd4 11. Qd2 Qd7 12. a4 Be6 13. Rae1 Ng4 14. b3 Ne5 15.
Nd5 Ndc6 16. Bb5 Ng6 17. Bg3 Qd8 18. Nxe6 fxe6 19. Rxf8+ Nxf8 20. Nxe7+ Qxe7 21.
Bxc6 bxc6 22. d4 d5 23. dxc5 Qxc5+ 24. Bf2 Qd6 25. Bg3 Qd7 26. Qb4 Rc8 27. Qc5
dxe4 28. Rxe4 Qd5 29. Re5 Qd7 30. Re1 Ra8 31. Qe3 a6 32. h3 Qa7 33. Qxa7 Rxa7
34. Bd6 Ng6 35. Rxe6 Kf7 36. Re4 Rd7 37. Bg3 Rd5 38. Rb4 Ne7 39. Rb6 a5 40. Kh2
Rd2 41. Ra6 Rxc2 42. Ra7 Ke6 43. Rxa5 Nf5 44. Re5+ Kf6 45. Re8 Kf7 46. Re4 Rc3
47. Bc7 Rxb3 48. a5 Ra3 49. Rc4 Ne7 50. Bb6 Ra2 51. Bd8 Ke8 52. Bxe7 Kxe7 53.
Rxc6 Rxa5 1/2-1/2

[Event "65th ch-RUS HL w 2015"]
[Site "Kaliningrad RUS"]
[Date "2015.06.28"]
[Round "6.4"]
[White "Ovod, Evgenija"]
[Black "Bodnaruk, Anastasia"]
[Result "1/2-1/2"]
[WhiteTitle "IM"]
[BlackTitle "IM"]
[WhiteElo "2313"]
[BlackElo "2428"]
[WhiteFideId "4131827"]
[BlackFideId "4181751"]
[EventDate "2015.06.22"]

1. d4 e6 2. e4 c5 3. d5 exd5 4. exd5 d6 5. h3 Nf6 6. Nf3 Be7 7. c4 Bf5 8. Nc3
Ne4 9. Nxe4 Bxe4 10. Nd2 Bg6 11. Be2 O-O 12. O-O Nd7 13. f4 f5 14. Kh2 Nf6 15.
b3 Qd7 16. Bb2 Rae8 17. Bd3 Bd8 18. Qc2 Ne4 19. Rae1 Bh4 20. Re3 Nxd2 21. Qxd2
Rxe3 22. Qxe3 Re8 23. Qf3 Qe7 24. g3 Bf6 25. Bxf6 Qxf6 26. Rf2 Re1 27. Re2 Ra1
28. Qe3 Bh5 29. Rc2 Kf8 30. Be2 Be8 31. Bf3 a5 32. Re2 Bf7 33. Kg2 g6 34. Qd2 b6
35. Qb2 Qxb2 36. Rxb2 Be8 37. a4 Rc1 38. Rd2 Rc3 39. Bd1 Re3 40. Kf2 Rc3 41. Re2
Bd7 42. Re3 Rxe3 43. Kxe3 Kf7 1/2-1/2

[Event "65th ch-RUS HL w 2015"]
[Site "Kaliningrad RUS"]
[Date "2015.06.28"]
[Round "6.5"]
[White "Kovanova, Baira"]
[Black "Pustovoitova, Daria"]
[Result "0-1"]
[WhiteTitle "WGM"]
[BlackTitle "FM"]
[WhiteElo "2388"]
[BlackElo "2351"]
[WhiteFideId "4164083"]
[BlackFideId "4182146"]
[EventDate "2015.06.22"]

1. c4 Nf6 2. Nc3 e5 3. g3 d5 4. cxd5 Nxd5 5. Bg2 Be6 6. Nf3 Nc6 7. O-O Nb6 8. d3
Be7 9. a3 O-O 10. Be3 f6 11. Rc1 Nd5 12. Nxd5 Bxd5 13. Qc2 Qd7 14. Rfd1 Rac8 15.
d4 e4 16. Nd2 f5 17. Nc4 Qe6 18. Qc3 b5 19. Nd2 b4 20. axb4 Bxb4 21. Qc2 g5 22.
Rf1 Be7 23. Bh3 Qh6 24. Bg2 Nb4 25. Qa4 f4 26. Bxf4 gxf4 27. Nxe4 Qe6 28. Nc5
Bxc5 29. Rxc5 Bxg2 30. Kxg2 Nd5 31. Qxa7 fxg3 32. hxg3 Qxe2 33. Qa2 c6 34. Qc4
Qf3+ 35. Kg1 Rf6 36. Qc1 Nf4 37. Rg5+ Kh8 38. gxf4 Rh6 39. Rg2 Rg8 0-1